00879nam a2200277Ia 4500001000700000003000500007008004100012010001100053040000900064082001300073100002700086245005600113260006400169300001800233440000500251500005400256503001100310650010700321901001300428902000600441910000900447942000600456942000700462999001900469952011300488Z_1638CHAP220113s1987 xx 000 0 und d a164725 cCHAP a636.9 C4 aCheeke, Peter R922100 aRabbit production /cby Peter R. Cheeke... [et al] aDanville, Il. :bInterstate Printers and Publishers,c1987 a472 p. ; ilus a aTít. : de la 4 ed : Domestic Rabbit Ptroduction a146922 aConejosxProducción I. Patton, Nephi M. II. Lukefahr, Steven D. III. McNitt, James I. IV. t.9138806 a636.9 C4 aA a1987 c1 cc1 c164725d164725 00102ddc40708GRALaZbZc3d2005-11-09l2pz_1526r2025-01-28 19:12:52s2025-01-28t1w2022-01-18yLIBRO